Analýza vnútornej hodnoty dlhopisu bakalárska práca

Saved in:
Bibliographic Details
Main Author: Žilík, Michal
Corporate Author: Fakulta podnikového manažmentu EU. Katedra podnikových financií
Other Authors: Mikloš, Miroslav, 1975-
Format: Book
Language:Slovak
Published: Bratislava 2012
Tags: Add Tag
No Tags, Be the first to tag this record!

MARC

LEADER 00000nbm a2200000 4500
001 0153724
005 20161109111804.5
041 0 |a slo 
044 |a SK 
245 1 0 |a Analýza vnútornej hodnoty dlhopisu  |b bakalárska práca  |c Michal Žilík ; školiteľ: Miroslav Mikloš 
264 1 |a Bratislava  |c 2012 
300 |a 54 s. 
100 1 |a Žilík, Michal 
700 1 |a Mikloš, Miroslav, 1975- 
710 2 |a Fakulta podnikového manažmentu EU. Katedra podnikových financií